01550nam a2200385 a 4500008004100000020003100041040002500072041001300097044001100110080001500121080001100136245035500147250001300502260006500515300002700580490002300607500004700630700002500677700002600702700002700728700003100755700003000786700002900816700002900845700002500874700003900899700002400938700002700962700003400989700002701023700002601050700003101076700002501107700003201132951121s1988||||[C 0 slo c c22 Kčs. q(3000 výtl.) aSNKbslocSNKeAACR21 aslohfre axocSK a840-1(082) a784.6610aNedeľa v OrlybFrancúzsky šansón ; Valér Mikula, Andrea Andrée, Jozef Čertík, Daniel Hevier, Mária Hevierová, Rudolf Kapitáň, Boris Mihalkovič, Valér Mikula, Štefan Moravčík, Kamil Zbruž, Valér Mikula, Marián P. Minárik, Ladislav Vančo, Andrea Andrée, Daniel Hevier, Valér Mikula, Marián P. Minárik a1., vyd. aBratislavabTatranc1988eBanská BystricafTlačiarne SNP a184 s., 6,90 AHc15 cm0 aDarčekyvZv. 43. aRad: Pieseň. 4. zv. Rozlož. tit. list.1 aMikula, Valér4com1 aAndrée, Andrea4trl1 aČertík, Jozef4trl1 aHevier, Danield1955-4trl1 aHevierová, Mária4trl1 aKapitáň, Rudolf4trl1 aMihalkovič, Boris4trl1 aMikula, Valér4trl1 aMoravčík, Štefand1943-4trl1 aZbruž, Kamil4trl1 aMikula, Valér4[ADC]1 aMinárik, Marián P.4[ADC]1 aVančo, Ladislav4bkd1 aAndrée, Andrea4oth1 aHevier, Danield1955-4oth1 aMikula, Valér4oth1 aMinárik, Marián P.4oth